مكتبة جامعة عجلون الوطنية

فهرس بحث المكتبة

Normal view MARC view
  • اعداد مسرة، قيس، ربيع، اعداد عطالله، طوني

Entry Personal Name

Number of records used in: 1

001 - CONTROL NUMBER

  • control field: 43807

003 - CONTROL NUMBER IDENTIFIER

  • control field: JO-AjAnu

005 - DATE AND TIME OF LATEST TRANSACTION

  • control field: 20230606081246.0

008 - FIXED-LENGTH DATA ELEMENTS

  • fixed length control field: 230606|| aca||aabn | a|a d

040 ## - CATALOGING SOURCE

  • Original cataloging agency: JO-AjAnu
  • Transcribing agency: JO-AjAnu

100 ## - HEADING--PERSONAL NAME

  • Personal name: اعداد مسرة، قيس، ربيع، اعداد عطالله، طوني

670 ## - SOURCE DATA FOUND

  • Source citation: Work cat.: (JO-AjAnu)22428: اعداد مسرة، قيس، ربيع، اعداد عطالله، طوني, author, مرصد التعددية الدينية في لبنان والمجتمعات العربية: وقائع الندوة التي عقدت في كلية العلوم الدينية/ جامعة القديس يوسف: "الماستر في العلاقات الاسلامية المسيحية في 24و25 تشرين الاول 2009